Statistiques concernant Pokémons Rouge Ecarlate

Cliquez ici pour prendre le quiz!

Statistiques générales

  • Ce quiz a été pris 6 fois
  • Le résultat moyen est 75 sur 400

Statistiques - réponses

#Nom% Correct
4Chochodile
75%
7Coiffeton
75%
73Pichu
75%
74Pikachu
75%
1Poussacha
75%
75Raichu
75%
12Tissenboule
75%
130Amassel
50%
180Aquali
50%
214Arcanin
50%
8Canarbello
50%
213Caninos
50%
128Carchacrok
50%
5Crocogril
50%
189Deusolourdo
50%
291Dofin
50%
208Électrode
50%
316Embrylex
50%
179Évoli
50%
296Ferdeter
50%
114Feuforêve
50%
13Filentrappe
50%
6Flâmigator
50%
11Fragroin
50%
15Gambex
50%
131Gigansel
50%
192Girafarig
50%
186Givrali
50%
10Gourmelet
50%
363Grelaçon
50%
61Grodoudou
50%
188Insolourdo
50%
399Koraidon
50%
45Leuphorie
50%
44Leveinard
50%
135Léviator
50%
14Lilliterelle
50%
134Magicarpe
50%
209Magnéti
50%
210Magnéton
50%
211Magnézone
50%
2Matourgeon
50%
183Mentali
50%
3Miascarade
50%
400Miraidon
50%
391Mordudor
50%
295Motorizard
50%
375Nigirigon
50%
184Noctali
50%
187Nymphali
50%
9Palmaval
50%
185Phyllali
50%
43Ptiravi
50%
182Pyroli
50%
60Rondoudou
50%
367Scalpion
50%
368Scalproie
50%
129Selutin
50%
364Séracrawl
50%
59Toudoudou
50%
318Tyranocif
50%
181Voltali
50%
207Voltorbe
50%
317Ymphect
50%
56Akwakwak
25%
171Ampibidou
25%
287Angoliath
25%
39Apireine
25%
48Azumarill
25%
46Azurill
25%
362Balbalèze
25%
394Baojian
25%
320Bekaglaçon
25%
255Bérasca
25%
282Bibichut
25%
41Bleuseille
25%
353Blizzaroi
25%
352Blizzi
25%
20Braisillon
25%
77Briochien
25%
301Brutalibré
25%
304Bruyverne
25%
252Cacnea
25%
253Cacturne
25%
354Cadoizo
25%
127Carmache
25%
283Chapotus
25%
162Charmina
25%
393Chongjian
25%
261Cizayox
25%
264Cléopsytra
25%
173Colimucus
25%
159Colossinge
25%
71Compagnol
25%
42Corvaillus
25%
18Cotovol
25%
155Coupenotte
25%
160Courrousinge
25%
330Crustabri
25%
389Cryodo
25%
373Délestin
25%
26Démolosse
25%
371Diamat
25%
395Dinglu
25%
197Dogrino
25%
123Donphan
25%
276Draby
25%
277Drackhaus
25%
348Draco
25%
349Dracolosse
25%
110Dratatin
25%
278Drattak
25%
70Ectoplasma
25%
387Épine-de-Fer
25%
99Etouraptor
25%
97Etourmi
25%
98Etourvol
25%
72Famignol
25%
68Fantominus
25%
193Farigiraf
25%
158Férosinge
25%
346Flamenroule
25%
17Floravol
25%
309Floréclat
25%
263Flotillon
25%
379Flotte-Mèche
25%
281Forgelina
25%
280Forgella
25%
279Forgerette
25%
376Fort-Ivoire
25%
286Fourbelin
25%
388Frigodo
25%
178Fulgulairo
25%
65Gallame
25%
398Garde-de-Fer
25%
64Gardevoir
25%
308Germéclat
25%
390Glaivodo
25%
16Granivol
25%
126Griknot
25%
285Grimalin
25%
392Gromago
25%
196Grondogue
25%
117Hariyama
25%
32Héliatronc
25%
300Hexadron
25%
266Hippodocus
25%
265Hippopotas
25%
383Hotte-de-Fer
25%
377Hurle-Queue
25%
67Hypnomade
25%
156Incisache
25%
260Insécateur
25%
63Kirlia
25%
329Kokiyas
25%
254Léboulérou
25%
290Lestombaile
25%
164Lucario
25%
115Magirêve
25%
116Makuhita
25%
25Malosse
25%
47Marill
25%
161Méditikka
25%
212Métamorph
25%
141Miaouss
25%
347Minidraco
25%
40Minisange
25%
386Mite-de-Fer
25%
80Monaflèmit
25%
172Mucuscule
25%
174Muplodocus
25%
374Oyacata
25%
78Parecool
25%
76Pâtachiot
25%
384Paume-de-Fer
25%
381Pelage-Sablé
25%
142Persian
25%
122Phanpy
25%
361Piétacé
25%
22Pohm
25%
24Pohmarmotte
25%
23Pohmotte
25%
109Pomdrapi
25%
55Psykokwak
25%
275Pyrax
25%
274Pyronille
25%
380Rampe-Ailes
25%
163Riolu
25%
382Roue-de-Fer
25%
397Rugit-Lune
25%
327Sancoki
25%
369Scalpereur
25%
370Solochi
25%
303Sonistrelle
25%
66Soporifik
25%
284Sorcilence
25%
69Spectrum
25%
292Superdofin
25%
113Tapatoès
25%
62Tarsal
25%
288Taupikeau
25%
148Taupiqueur
25%
223Tauros
25%
215Teddiursa
25%
244Terracool
25%
245Terracruel
25%
385Têtes-de-Fer
25%
312Tomberro
25%
31Tournegrin
25%
311Toutombe
25%
157Tranchodon
25%
289Triopikeau
25%
149Triopikeur
25%
372Trioxhydre
25%
328Tritosor
25%
246Tropius
25%
240Trousselin
25%
216Ursaring
25%
108Verpom
25%
79Vigoroth
25%
243Virevorreur
25%
242Virovent
25%
344Vorastérie
25%
293Vrombi
25%
294Vrombotor
25%
396Yuyu
25%
177Zapétrel
25%
257Aéromite
0%
220Altaria
0%
341Anchwatt
0%
38Apitrini
0%
49Arakdo
0%
86Arboliva
0%
154Archéodong
0%
153Archéomire
0%
28Argouste
0%
140Avaltout
0%
53Axoloto
0%
322Bacabouh
0%
106Balignon
0%
169Barbicha
0%
138Bargantua
0%
168Barloche
0%
143Baudrive
0%
133Bekipan
0%
351Beldeneige
0%
273Bourrinos
0%
299Branette
0%
221Cabriolaine
0%
152Camérupt
0%
82Candine
0%
166Carmadura
0%
204Cerfrousse
0%
151Chamallot
0%
107Chapignon
0%
165Charbambin
0%
91Charbi
0%
124Charibari
0%
150Chartor
0%
222Chevroum
0%
104Chlorobule
0%
176Coatox
0%
233Corboss
0%
232Cornèbre
0%
118Crabagarre
0%
119Crabominable
0%
175Cradopaud
0%
249Craparoi
0%
33Crikzik
0%
269Crocorible
0%
81Croquine
0%
200Dedenne
0%
335Denticrisse
0%
231Dimoret
0%
306Dispareptil
0%
315Dodoala
0%
319Dolman
0%
271Dunaconda
0%
270Dunaja
0%
333Écayon
0%
136Embrochet
0%
268Escroco
0%
305Fantyrm
0%
230Farfuret
0%
145Flabébé
0%
325Flagadoss
0%
21Flambusard
0%
339Flingouste
0%
146Floette
0%
248Floramantis
0%
147Florges
0%
378Fongus-Furie
0%
259Foretress
0%
105Fragilady
0%
350Frissonille
0%
365Furaiglon
0%
340Gamblast
0%
206Gaulet
0%
139Gloupti
0%
132Goélise
0%
313Gouroutan
0%
202Gribouraigne
0%
144Grodrive
0%
112Groret
0%
195Grotadmorv
0%
366Gueriaigle
0%
137Hastacuda
0%
191Haydaim
0%
224Hélionceau
0%
360Hexagel
0%
57Khélocrok
0%
338Kravarech
0%
102Lainergie
0%
342Lampéroie
0%
307Lanssorien
0%
35Lépidonille
0%
94Lixy
0%
90Lougaroc
0%
332Lovdisc
0%
334Luminéon
0%
95Luxio
0%
96Luxray
0%
121Malamandre
0%
167Malvalame
0%
336Mamambo
0%
27Manglouton
0%
217Mangriff
0%
87Manzaï
0%
267Mascaïman
0%
50Maskadra
0%
34Mélokrik
0%
235Mesmérella
0%
247Mimantis
0%
239Mimiqui
0%
256Mimitoss
0%
359Momartik
0%
93Monthracite
0%
310Motisma
0%
227Moufflair
0%
226Moufouette
0%
51Mustébouée
0%
52Mustéflott
0%
225Némélios
0%
343Ohmassacre
0%
85Olivado
0%
84Olivini
0%
358Oniglali
0%
201Pachiridsu
0%
125Pachyradjah
0%
19Passerouge
0%
36Pérégrain
0%
103Pharamp
0%
250Pimito
0%
100Plumeline
0%
356Polagriffe
0%
355Polarhume
0%
298Polichombr
0%
238Polthégeist
0%
258Pomdepik
0%
345Prédastérie
0%
37Prismillon
0%
314Quartermac
0%
331Qwilfish
0%
324Ramoloss
0%
89Rocabot
0%
326Roigada
0%
29Rongourmand
0%
30Rongrigou
0%
199Salarsen
0%
262Scarhino
0%
251Scovilain
0%
234Scrutella
0%
218Séviper
0%
236Sidérella
0%
88Simularbre
0%
302Spiritomb
0%
111Spoink
0%
357Stalgamin
0%
83Sucreine
0%
194Tadmorv
0%
203Tag-Tag
0%
297Ténéfix
0%
54Terraiste
0%
170Têtampoule
0%
237Théffroi
0%
272Tiboudet
0%
58Torgamord
0%
198Toxizap
0%
323Trépassable
0%
120Tritox
0%
205Trompignon
0%
219Tylton
0%
337Venalgue
0%
190Vivaldaim
0%
92Wagomine
0%
321Wattapik
0%
101Wattouat
0%
241Wimessir
0%
229Zoroark
0%
228Zorua
0%

Distribution des résultats

Percentile par nombre de réponses

% des personnes avec chaque résultat

Votre développement - résultats

Vous n’avez pas pris ce quiz